| 000 | 01259nam a2200301Ia 4500 | ||
|---|---|---|---|
| 999 |
_c5158 _d5158 |
||
| 003 | OSt | ||
| 005 | 20200407015509.0 | ||
| 008 | 191128s1996 ck gr 000 0 spa d | ||
| 020 | _a9589272711 | ||
| 040 |
_aCO-JMCR _cCO-JMCR |
||
| 041 | 0 | _aspa | |
| 082 | 0 | 4 |
_a322 / _bO131e _221 |
| 100 | 1 |
_aObregón Sabogal, Orlando, _eautor _92626 |
|
| 245 | 1 | 0 |
_aEstado y autonomía de la sociedad civil / _cOrlando Obregón Sabogal, Diego Restrepo Londoño, Pedro Santana Rodríguez y [1 más] |
| 250 | _aPrimera edición | ||
| 260 |
_aBogotá : _bFescol, _c1996 |
||
| 300 |
_a68 páginas ; _c21 cm. |
||
| 490 | 0 | _aDebate laboral | |
| 504 | _aBibliografía: página 68 | ||
| 505 | 0 | _aAcción gubernamental y participación social -- Estado, movimientos sociales y organizaciones civiles -- Las ONG, los movimientos sociales y las organizaciones civiles -- Estado y sociedad : hacia un concenso básico nacional | |
| 650 | 1 | 4 |
_aSociedad civil--Colombia _92629 |
| 650 | 1 | 4 |
_aParticipación social _92630 _zColombia |
| 650 | 1 | 4 |
_aMovimientos sociales _92631 _zColombia |
| 650 | 1 | 4 |
_aOrganizaciones no gubernamentales _92632 _zColombia |
| 700 | 1 |
_aRestrepo Londoño, Diego, _eautor _92633 |
|
| 700 | 1 |
_aSantana Rodríguez, Pedro, _eautor _92634 |
|
| 942 |
_2ddc _cBK |
||